000 00746nam a2200217Ii 4500
003 JO-AjNU
008 230605s9999||||xx |||||||||||||| ||und||
017 _a2015/11/5411
020 _a978-9957-592-31-8
040 _aJO-AjNU
_bara
_erda
_cJO-AjNU
041 _aara
050 1 4 _aRC81 2015
100 3 _aالزغول، رفعات راجي، سليم يوسف عبابنة مشارك,
_eauthor
_958377
245 0 0 _aالطب الشعبي في الأردن
264 3 1 _aإربد: دار الكتاب الثقافي، 2015
300 _a108ص
336 _atext
_btxt
_2rdacontent
337 _aunmediated
_bn
_2rdamedia
338 _avolume
_bnc
_2rdacarrier
650 4 _aالطب البديل - الطب الشعبي - الأردن
_958378
999 _aA26212
_c29780
_d29780